Project management metrics, KPIs, and dashboards : (Record no. 532128)

000 -LEADER
fixed length control field 02334cam a22004214a 4500
001 - CONTROL NUMBER
control field 16800937
003 - CONTROL NUMBER IDENTIFIER
control field NUST
005 - DATE AND TIME OF LATEST TRANSACTION
control field 20191111100321.0
008 - FIXED-LENGTH DATA ELEMENTS--GENERAL INFORMATION
fixed length control field 110527s2011 njua b 001 0 eng
010 ## - LIBRARY OF CONGRESS CONTROL NUMBER
LC control number 2011022708
016 7# - NATIONAL BIBLIOGRAPHIC AGENCY CONTROL NUMBER
Record control number 015781081
Source Uk
020 ## - INTERNATIONAL STANDARD BOOK NUMBER
International Standard Book Number 9781118026526 (pbk.)
020 ## - INTERNATIONAL STANDARD BOOK NUMBER
International Standard Book Number 1118026527 (pbk.)
035 ## - SYSTEM CONTROL NUMBER
System control number (OCoLC)ocn701808369
038 ## - RECORD CONTENT LICENSOR
Staff Name MSOHAIL
040 ## - CATALOGING SOURCE
Original cataloging agency DLC
Transcribing agency DLC
Modifying agency YDX
-- BTCTA
-- YDXCP
-- PMIPA
-- BWX
-- UKMGB
-- CDX
-- DLC
042 ## - AUTHENTICATION CODE
Authentication code pcc
050 00 - LIBRARY OF CONGRESS CALL NUMBER
Classification number HD69.P75
Item number K492 2011
082 00 - DEWEY DECIMAL CLASSIFICATION NUMBER
Classification number 658.404
Edition number 23
084 ## - OTHER CLASSIFICATION NUMBER
Classification number BUS101000
Number source bisacsh
100 1# - MAIN ENTRY--PERSONAL NAME
Personal name Kerzner, Harold.
9 (RLIN) 7267
245 10 - TITLE STATEMENT
Title Project management metrics, KPIs, and dashboards :
Remainder of title a guide to measuring and monitoring project performance /
Statement of responsibility, etc. Harold Kerzner.
246 30 - VARYING FORM OF TITLE
Title proper/short title KPIs
246 3# - VARYING FORM OF TITLE
Title proper/short title Key performance indicators
260 ## - PUBLICATION, DISTRIBUTION, ETC.
Place of publication, distribution, etc. Hoboken, N.J. :
Name of publisher, distributor, etc. Wiley,
Date of publication, distribution, etc. c2011.
300 ## - PHYSICAL DESCRIPTION
Extent xi, 372 p. :
Other physical details col. ill. ;
Dimensions 24 cm.
504 ## - BIBLIOGRAPHY, ETC. NOTE
Bibliography, etc. note Includes bibliographical references and index.
505 0# - FORMATTED CONTENTS NOTE
Formatted contents note The changing landscape for project management -- The driving forces for better metrics -- Metrics -- Key performance indicators -- Value-driven project management metrics -- Dashboards -- Dashborad applications -- Measurement-driven project management.
520 ## - SUMMARY, ETC.
Summary, etc. "This book walks readers through everything from the basics of project management metrics to monitoring performance.Its content is aligned with PMI's PMBOK Guide and stresses "value" as the main driver. Author Harold Kerzner uses his connections in major Fortune 500 companies to pull example dashboards and case studies from leading project management offices. With the growth of complex projects, stakeholder involvement in projects, and other emerging factors, this book offers sane advice to keep readers above fray and reach their project management goals"--Provided by publisher.
650 #0 - SUBJECT ADDED ENTRY--TOPICAL TERM
Topical term or geographic name entry element Project management.
9 (RLIN) 25458
650 #0 - SUBJECT ADDED ENTRY--TOPICAL TERM
Topical term or geographic name entry element Project management
General subdivision Quality control.
9 (RLIN) 25459
650 #0 - SUBJECT ADDED ENTRY--TOPICAL TERM
Topical term or geographic name entry element Performance standards.
9 (RLIN) 25460
650 #0 - SUBJECT ADDED ENTRY--TOPICAL TERM
Topical term or geographic name entry element Work measurement.
9 (RLIN) 25461
856 42 - ELECTRONIC LOCATION AND ACCESS
Materials specified Cover image
Uniform Resource Identifier <a href="http://catalogimages.wiley.com/images/db/jimages/9781118026526.jpg">http://catalogimages.wiley.com/images/db/jimages/9781118026526.jpg</a>
906 ## - LOCAL DATA ELEMENT F, LDF (RLIN)
a 7
b cbc
c orignew
d 1
e ecip
f 20
g y-gencatlg
942 ## - ADDED ENTRY ELEMENTS (KOHA)
Source of classification or shelving scheme
Koha item type Book
Holdings
Withdrawn status Lost status Source of classification or shelving scheme Damaged status Not for loan Permanent Location Current Location Date acquired Total Checkouts Full call number Barcode Date last seen Price effective from Koha item type
          School of Civil and Environmental Engineering (SCEE) School of Civil and Environmental Engineering (SCEE) 11/11/2019   658.404 NIT-12040 11/11/2019 11/11/2019 Book
© 2023 Central Library, National University of Sciences and Technology. All Rights Reserved.